[Event "Rijeka op"]
[Site "Rijeka"]
[Date "2001.12.02"]
[Round "2"]
[White "Kolar, Srecko"]
[Black "Rukavina, Josip"]
[Result "1/2-1/2"]
[WhiteElo "2168"]
[BlackElo "2415"]
[PlyCount "79"]
[EventDate "2001.12.01"]
[EventType "swiss"]
[EventRounds "9"]
[EventCountry "CRO"]
[SourceTitle "CBM 085 Extra"]
[Source "ChessBase"]
[SourceDate "2002.01.21"]
[SourceVersion "1"]
[SourceVersionDate "2002.01.21"]
[SourceQuality "1"]

1. e4 d6 2. Nc3 g6 3. f4 c5 4. Nf3 Bg7 5. Bb5+ Bd7 6. Bxd7+ Qxd7 7. 0-0 Nc6 8. d3 Nd4 9. Kh1 Nh6 10. f5 gxf5 11. Nd5 Ng4 12. exf5 Nxf5 13. Ng5 h5 14. Nc7+ Qxc7 15. Rxf5 Bf6 16. Rf1 Bxg5 17. Bxg5 f6 18. Bf4 0-0-0 19. Qe2 Ne5 20. c3 Nc6 21. Be3 Kb8 22. a3 Ne5 23. b4 c4 24. d4 Nd3 25. a4 e5 26. h3 Ka8 27. Bg1 Qd7 28. Bh2 Rdg8 29. a5 Rg5 30. Rf3 Rhg8 31. Rg1 a6 32. Re3 Rf5 33. Rf1 Rxf1+ 34. Qxf1 h4 35. Qe2 Qf5 36. Rf3 Qg5 37. Re3 Qf5 38. Rf3 Qg6 39. Re3 Qf5 40. Rf3 1/2-1/2

[Event "Zalakaros op 19th"]
[Site "Zalakaros"]
[Date "2000.05.21"]
[Round "3"]
[White "Kolar, Srecko"]
[Black "Kovac, Boris"]
[Result "1/2-1/2"]
[WhiteElo "2184"]
[BlackElo "2314"]
[PlyCount "51"]
[EventDate "2000.05.??"]
[EventType "swiss"]
[EventRounds "9"]
[EventCountry "HUN"]
[SourceTitle "EXT 2002"]
[Source "ChessBase"]
[SourceDate "2001.11.25"]
[SourceVersion "1"]
[SourceVersionDate "2001.11.25"]
[SourceQuality "1"]

1. e4 c5 2. Nf3 d6 3. d4 cxd4 4. Nxd4 Nf6 5. Nc3 a6 6. f4 e6 7. Bd3 Nc6 8. Nf3 b5 9. 0-0 Be7 10. Qe1 0-0 11. e5 dxe5 12. fxe5 Nd5 13. Qe4 g6 14. Bh6 Re8 15. h4 Bf8 16. Bxf8 Rxf8 17. Nxd5 exd5 18. Qf4 f6 19. exf6 Qxf6 20. Qxf6 Rxf6 21. a4 b4 22. Rae1 Bb7 23. Rf2 Raf8 24. Rff1 Bc8 25. Nd2 Rxf1+ 26. Nxf1 1/2-1/2

[Event "Zalakaros op 18th"]
[Site "Zalakaros"]
[Date "1999.05.18"]
[Round "7"]
[White "Rabovszky, Gyorgy"]
[Black "Kolar, Srecko"]
[Result "0-1"]
[WhiteElo "2089"]
[BlackElo "2175"]
[PlyCount "56"]
[EventDate "1999.05.??"]
[EventType "swiss"]
[EventRounds "9"]
[EventCountry "HUN"]
[SourceTitle "EXT 2000"]
[Source "ChessBase"]
[SourceDate "1999.11.16"]
[SourceVersion "1"]
[SourceVersionDate "1999.11.16"]
[SourceQuality "1"]

1. e4 e5 2. Nf3 Nc6 3. Bb5 a6 4. Bxc6 dxc6 5. 0-0 f6 6. d4 exd4 7. Nxd4 c5 8. Nb3 Qxd1 9. Rxd1 Bd7 10. Bf4 0-0-0 11. Nc3 Be6 12. Rxd8+ Kxd8 13. Rd1+ Kc8 14. Nd5 Bxd5 15. exd5 Bd6 16. Bxd6 cxd6 17. Re1 Kd7 18. Na5 Ne7 19. c4 b6 20. Nb3 b5 21. cxb5 axb5 22. Rd1 Ra8 23. a3 Ra4 24. Nc1 Rc4 25. g3 Nxd5 26. b3 Rc2 27. Kf1 Nc3 28. Re1 c4 0-1